Vista normal
Vista MARC
Entrada Topical Term
Número de registros utilizados en: 1
001 - CONTROL NUMBER
- control field: 36703
003 - CONTROL NUMBER IDENTIFIER
- control field: OSt
005 - DATE AND TIME OF LATEST TRANSACTION
- control field: 20230915232011.0
008 - FIXED-LENGTH DATA ELEMENTS
- fixed length control field: 230915|| aca||aabn | a|a d
040 ## - CATALOGING SOURCE
- Original cataloging agency: OSt
- Transcribing agency: OSt
150 ## - HEADING--TOPICAL TERM
- Topical term or geographic name entry element: Arte - - Enseñanza - - Colombia - - Proyectos
670 ## - SOURCE DATA FOUND
- Source citation: Work cat.: (OSt)32452: Salón Nacional de Artistas (41 : 2008 - 2009 : Cali) 36702, 41 Salón Nacional de Artistas : , 2009